Entomologia de Catalunya. Coleòpters : fascicle I : Coleoptera Adephaga ... / fascicle I :
Publicado:
Barcelona :
Institut d' Estudis Catalans. Publicacions de l' Institut de Ciències, [s.a.]
Descripción Física:
156 p. : il. ; 27'5 cm
Colección:
Fauna de Catalunya
Materias:
Coleòpters -- Catalunya
MARC
| LEADER | 00000nam a2200000Ia 4500 | ||
|---|---|---|---|
| 001 | 8648 | ||
| 008 | 160829s9999 xx 000 0 cat d | ||
| 080 | |a C-2-152 | ||
| 100 | |a Codina i Ferrer, Ascensi |9 19844 | ||
| 245 | |a Entomologia de Catalunya. Coleòpters : |b fascicle I : |b Coleoptera Adephaga ... / |c per Ascensi Codina ... | ||
| 260 | |a Barcelona : |b Institut d' Estudis Catalans. Publicacions de l' Institut de Ciències, [s.a.] | ||
| 300 | |a 156 p. : |b il. ; |c 27'5 cm | ||
| 490 | |a Fauna de Catalunya | ||
| 650 | |a Coleòpters |x Catalunya |9 19845 | ||
| 710 | 2 | |a Institut d'Estudis Catalans |9 52284 | |
| 901 | |a Arxiu | ||
| 942 | |n 1 | ||
| 952 | |0 0 |1 0 |4 0 |6 C2152 |7 1 |9 41344 |a Arxiu |b Arxiu |d 2016-12-01 |l 0 |o C-2-152 |p 8648 |r 2016-12-01 00:00:00 |w 2016-12-01 |y ARXIU | ||
| 999 | |c 43152 |d 43152 | ||